Orphan train (Registo nº 201018)
[ vista simples ]
| 000 -Etiqueta do registo | |
|---|---|
| Valores | 00601nam 22002053 4500 |
| 010 ## - Número ISBN | |
| ISBN | 978-0-06-195072-8 |
| 100 ## - Dados gerais de processamento | |
| Dados gerais | 20260306d u||y0pory50 ba |
| 200 ## - Titulo e menção de responsabilidade | |
| Título próprio | Orphan train |
| Informação de outro título | a novel |
| Primeira menção de responsabilidade | Christina Baker Kline |
| 205 ## - Menção da edição | |
| Edição | 1ª |
| 210 ## - Publicação | |
| Local de publicação | New York |
| Nome do editor | Harper Collins Publishers |
| Data de publicação | 2012 |
| 215 ## - Descrição física | |
| Paginação / Volumes | 278,[15] p. |
| Outras indicações físicas | brochado |
| Dimensões | 22 cm |
| 606 ## - Nome comum usado como assunto | |
| ID Autoridade | 16 |
| Palavra de ordem | Literatura Americana |
| 610 ## - Termos não controlados | |
| Palavra de ordem | literatura americana em inglês |
| 675 ## - CDU | |
| Notação | 821.111(73)-3 |
| Edição | US |
| Língua | eng |
| 700 ## - Autor principal (pessoa individual) | |
| ID Autoridade | 16689 |
| Apelido | Kline |
| Nome | Christina Baker |
| 801 ## - Fonte de origem | |
| País | PT |
| Agência | BMMN |
| Regras de catalogação | RPC |
| 830 ## - Notas gerais do catalogador | |
| Criado por | Fernando |
| Indexado por | Fernando |
| 990 ## - Elementos KOHA | |
| Tipo de documento | Livro |
| Situação do levantamento | Biblioteca de origem | Código de barras | Cota | Permissão de empréstimo | Tipo de documento | Forma de aquisição |
|---|---|---|---|---|---|---|
| Biblioteca Municipal de Montemor-o-Novo | 30292 | 821.111(73)-3 KLI|LG (L.E.) | Livro | Oferta |